1911 1051 1347 1147 1298 1946 1479 1453 1651 1351 1659 1352 1526 1847 1176 1057 1368 1148 1226 1434 1699 1417 1447 1963 1658 1065 1730 1745 1855 1286 1170 1117 1453 1255 1563 1202 1069 1440 1490 1615 1716 1464 1097 1701 1800 1984 1331 1510 1368 1463 1454 1192 1285 1039 1034 1923 1334 1196 1595 1384 1885 1365 1469 2000 1640 1768 1128 1616 1592 1188 1309 1376 1498 1075 1469 1488 1828 1569 1729 1134 1031 1461 1861 1573 1732 1078 1874 1684 1027 1464 1220 1851 1806 1345 1989 1902 1381 1179 1439 BCNSPRNW ULIB Ver.6.0+V

เปลี่ยนเป็นภาษาไทย

Change to English
 แสดงรายละเอียดบรรณานุกรม
  กลับหน้าหลัก

Brief Record : Get Marc (ISO 2709) : E-mail record : QR code < ปิดหน้าต่าง
LEADER : 00000nam 2200000uu 4500
001    13399124206
003     ULIB
008    150127s||||||||th 000 0 tha d
020    ^a9786162844232
060  4 ^aWU600^bอ622ก
100 0  ^aอาทิพันธุ์ พิมพ์ขาวขำ.
245 10 ^aการผ่าตัดแก้ไขปากแหว่งข้างเดียวด้วยเทคนิคการใช้แผ่นเนื้อเยื่อสามเหลี่ยม /^cอาทิพันธุ์ พิมพ์ขาวขำ.
260    ^aกรุงเทพฯ :^bภาควิชาศัลยศาสตร์ คณะทันตแพทยศาสตร์ จุฬาลงกรณ์มหาวิทยาลัย,^c2555.
300    ^a160 หน้า :^bภาพประกอบ ;^c25 ซม.
650  7 ^aปากแหว่ง, ศัลยกรรม ^xในวัยทารกและเด็ก
650  7 ^aปากแหว่ง ^xในวัยทารกและเด็ก ^xการรักษา
710 1  ^aจุฬาลงกรณ์มหาวิทยาลัย.^bคณะทันตแพทยศาสตร์.^bภาควิชาศัลยศาสตร์.
945    ^p700^l0^i038992
945    ^p700^l0^i038993
945    ^p700^l0^i038994
999    ^aเกษร โพธิ์สุวรรณ
รายการนี้ยังไม่มีแท็ก
คุณยังไม่ได้ล็อกอิน คุณสามารถมีกิจกรรมร่วมกับเว็บไซต์ได้ แต่ต้องล็อกอินก่อน ::
  ล็อกอิน

รายการสื่อสารสนเทศ

ลำดับที่ ประเภท เลขเรียก/บาร์โค้ด สถานที่ สถานะ
1. วิทยาศาสตร์การแพทย์ และสุขภาพ
หนังสือสำรอง
สถานะ=หนังสือสำรอง
WU600 อ622ก ฉ.1 
  Barcode: 038992
ห้องสมุดวิทยาเขตสวรรค์ประชารักษ์
►ส่วนจัดเก็บหนังสือเก่า สปร
บนชั้น
  ขอยืม
2. วิทยาศาสตร์การแพทย์ และสุขภาพ
วิทยาศาสตร์การแพทย์ และสุขภาพ
WU600 อ622ก ฉ.2 
  Barcode: 038993
ห้องสมุดวิทยาเขตสวรรค์ประชารักษ์
►ส่วนจัดเก็บหนังสือเก่า สปร
บนชั้น
  ขอยืม
3. วิทยาศาสตร์การแพทย์ และสุขภาพ
วิทยาศาสตร์การแพทย์ และสุขภาพ
WU600 อ622ก ฉ.3 
  Barcode: 038994
ห้องสมุดวิทยาเขตสวรรค์ประชารักษ์
►ส่วนจัดเก็บหนังสือเก่า สปร
บนชั้น
  ขอยืม

รายการใกล้เคียง
    ผู้แต่ง [อาทิพันธุ์ พิมพ์ขาวขำ.]

BibComment


ยังไม่เคยถูกคอมเมนท์

คอมเมนท์ทรัพยากรรายการนี้
  คอมเมนท์: การผ่าตัดแก้ไขปา..


 Copyright 2026. Bcnsprnw @Library